000 00313nam a2200121Ia 4500
008 191201s2009 xx 000 0 und d
100 _aCHAKRAVARTI,Sudeep
245 0 _aRed Sun: Travels In Naxalite Country
260 _aN. Delhi
_bPenguin Book
_c2009
300 _a411
650 _aGeneral Books
942 _2ddc
_cBK
999 _c4393
_d4393